000 00448nam a2200181Ia 4500
005 20260618115507.0
008 131103s9999 xx 000 0 und d
040 _aLoreto College
041 _aEnglish
082 _a242
_bLAR
100 _aLarsen, Earnest
245 _aGood old plastic Jesus
_cEarnest Larsen
260 _aLondon
_bLiguorian book
_c1970
300 _a156p.
650 _aChristan religion
850 _aLCLIB
942 _cBK
999 _c24593
_d75072